000 01336nam a22003617a 4500
003 CHAP
005 20240520141315.0
008 100309s2007 mx r 00010 spa d
010 _a97699
011 _a98671
020 _a9789688178744
035 _a109356
040 _cCHAP
090 _aFolleto 17559
110 2 _aComisión Nacional del Agua. México
_925810
245 1 0 _aPlan de acción inmediata :
_borganismos de cuenca aguas del Valle de México
_c/por Comisión Nacional del Agua
260 _aMéxico, D.F. :
_bCONAGUA,
_c2007
300 _a47 p. :
_bilus., cuadros, gráfs., mapas, + 1 CD (4 3/4 plg.)
590 _aBATCH-UPD
_b10
_c20130110
590 _aBATCH-UPD
_b10
_c20130410
590 _aBATCH-UPD
_b10
_c20130914
590 _aCONVERSION
_b10
_c20130109
650 1 4 _aAgua potable
_xAbastecimiento.
_92443
650 1 4 _aAgua potable
_xMexico (D.F.)
_92448
650 1 4 _aAgua
_xAlmacenamiento.
_92279
710 0 _aMéxico. Secretaría de Medio Ambiente y Recursos Naturales.
_977199
901 _aBK
911 _aen proceso
942 _cFOLL
_2ddc
949 _aFolleto 17559
_bBC
_cFOLL
_d33724002161446
_eTS1
_gDonaciØn
_i109356
_st
949 _aFolleto 17559
_bBC
_cFOLL
_d33724002161488
_eTS2
_fc.2
_gDonaciØn
_i109356
_st
949 _aFolleto 17559
_bBC
_cFOLL
_d33724002161983
_eTS2
_fc.3
_gDonaciØn
_i109356
_st
999 _c97699
_d97699